Unsung Adilabad/ (Record no. 211097)
[ view plain ]
| 000 -LEADER | |
|---|---|
| fixed length control field | 00597nam a22001937a 4500 |
| 005 - DATE AND TIME OF LATEST TRANSACTION | |
| control field | 20251022113056.0 |
| 010 ## - LCCN (DPL NO) | |
| LC control number | ENG-144683 |
| 020 ## - INTERNATIONAL STANDARD BOOK NUMBER | |
| International Standard Book Number | 9789355290243 |
| Terms of availability | 295.00 |
| 035 ## - SYSTEM CONTROL NUMBER | |
| System control number | EN-128215 |
| 037 ## - SOURCE OF ACQUISITION | |
| Source of stock number/acquisition | DBAD/PUB |
| 082 ## - DEWEY DECIMAL CLASSIFICATION NUMBER | |
| Classification number | 881 |
| 100 ## - MAIN ENTRY--PERSONAL NAME | |
| Personal name | Kumar,Karipe Raj |
| 245 ## - TITLE STATEMENT | |
| Title | Unsung Adilabad/ |
| Statement of responsibility, etc | Karipe Raj Kumar |
| 260 ## - PUBLICATION, DISTRIBUTION, ETC. (IMPRINT) | |
| Place of publication, distribution, etc | New Delhi |
| Name of publisher, distributor, etc | Authorspress |
| Date of publication, distribution, etc | 2022 |
| 270 ## - ADDRESS | |
| Address | Q-2A Hauz Khas Enclave |
| City | New Delhi |
| Telephone number | 9818049852 |
| Postal code | 110016 |
| Electronic mail address | authorspressgroup@gmail.com |
| 300 ## - PHYSICAL DESCRIPTION | |
| Extent | 111 p. |
| Dimensions | 22 cm(pbk) |
| 700 ## - ADDED ENTRY--PERSONAL NAME | |
| Personal name | MANTHENA DAMODARA CHARY |
| 9 (RLIN) | 80855 |
| 942 ## - ADDED ENTRY ELEMENTS (KOHA) | |
| Source of classification or shelving scheme | Dewey Decimal Classification |
| Item type | English Books |
| Classification part | 881 |
| Call number suffix | KAR |
| Withdrawn status | Lost status | Not for loan | Collection code | Home library | Current library | Date acquired | Source of acquisition | Cost, normal purchase price | Full call number | Barcode | Copy number | Cost, replacement price | Koha item type |
|---|---|---|---|---|---|---|---|---|---|---|---|---|---|
| Non-fiction | Mobile Library | Mobile Library | 24/04/2025 | DBAD | 295.00 | 881 KAR | EN-128215 | 2 | 295.00 | English Books |
